00877 a2200205 4500003000500000005001700005010001600022020001500038040000900053082001200062100002800074245004500102260003100147300003400178505027700212650002200489942002100511999001900532952012000551Nust20221201121824.0 a 80024416 a0471059900 cNust00a534,TEM1 aTemkin, Samuel,910389510aElements of acoustics / cSamuel Temkin. aNew York :bWiley,cc1981. axii, 515 p. :bill. ;c24 cm. aBasic Fluid Mechanics and Thermodynamics (Page-1), Basic Properties of Acoustic Waves (Page-33), Reflection and Transmission Phenomena (Page-77), Spherical and Cylindrical Waves (Page-199), Sound Emission (Page-269), Sound Absorption (Page-367), Bibliography (Page-478).  0aSound-waves.9619 2ddccBKk534,TEM c184064d184064 00102ddc4070aMCSbMCScGENd2016-12-12o534,TEMpMCS6333r2016-12-08w2016-12-12yBKzAlmirah No.16, Shelf No.3